000 01969nam a2200433 a 4500
001 vtls003192767
003 MY-SjTCS
005 20200306165235.0
006 m u
007 cr cn|||||||||
008 100712s2004 dcu sb 001 0deng d
010 _z 2003-019457
020 _z0878403493 (pbk. : alk. paper)
020 _z9780878403493
035 _a(CaPaEBR)ebr10236752
039 9 _y201007121636
_zVLOAD
040 _aCaPaEBR
_cCaPaEBR
043 _an-us---
050 1 4 _aB105.P4
_bD43 2004eb
082 0 4 _a230/.2/082
_222
100 1 _aDeCrane, Susanne M.
_q(Susanne Marie),
_d1949-
_9262349
245 1 0 _aAquinas, feminism, and the common good
_h[electronic resource] /
_cSusanne M. DeCrane.
260 _aWashington, D.C. :
_bGeorgetown University Press,
_cc2004.
300 _axiii, 220 p. ;
_c22 cm.
490 1 _aMoral traditions series
504 _aIncludes bibliographical references (p. 197-208) and index.
505 0 _aFeminist theological hermeneutics -- The common good in the thought of Thomas Aquinas -- A feminist retrieval of the principle of the common good -- Health care in the United States and the retrieved principle of the common good.
529 _aTSLHHL
533 _aElectronic reproduction.
_bPalo Alto, Calif. :
_cebrary,
_d2009.
_nAvailable via World Wide Web.
_nAccess may be limited to ebrary affiliated libraries.
600 0 0 _aThomas,
_cAquinas, Saint,
_d1225?-1274.
_925181
650 0 _aPeace (Philosophy)
_9262350
650 0 _aCommon good.
_927039
650 0 _aWomen's health services
_zUnited States.
_9262351
650 0 _aFeminism
_xReligious aspects
_xChristianity.
_9262352
655 7 _aElectronic books.
_2local
_9201578
710 2 _aebrary, Inc.
_925628
830 0 _aMoral traditions series.
_9262353
856 4 0 _uhttps://ezproxy.taylors.edu.my/login?url=http://site.ebrary.com/lib/taylorscollege/Doc?id=10236752
_zAn electronic book accessible through the World Wide Web; click to view
999 _c53900